[Event "45th Olympiad 2024"]
[Site "Budapest HUN"]
[Date "2024.09.13"]
[Round "3.89"]
[Board "4"]
[White "Lompo, Boammani Aser"]
[Black "Alabdaljader, Mohammed"]
[Result "0-1"]
[WhiteElo "1567"]
[BlackElo "1677"]
[PlyCount "38"]
[EventDate "2024.09.11"]
[WhiteTeam "Burkina Faso"]
[BlackTeam "Kuwait"]
[WhiteTeamCountry "BUR"]
[BlackTeamCountry "KUW"]

1. d4 Nf6 2. Bf4 e6 3. e3 c5 4. c3 Nc6 5. Nd2 d5 6. Ngf3 Bd6 7. Bg3 O-O 8. Bd3 b6 9. Ne5 Ne7 10. h4 ({RR} 10. Qf3 Bb7 11. Bh4 Ng6 12. Bg3 Re8 13. h3 Qc7 14. Ng4 Nd7 15. Bxd6 Qxd6 16. Bxg6 hxg6 17. Nc4 dxc4 18. Qxb7 f5 19. Ne5 Nxe5 20. dxe5 Qxe5 21. O-O-O Red8 22. Rd7 Rxd7 23. Qxd7 f4 24. Re1 Rf8 {0-1 Prie,E (2516)-Malakhatko,V (2604) Calvi Balagne op 04th 2007 (7)}) ({RR} 10. f4 Nf5 11. Bf2 Be7 12. Qc2 Nd6 13. Bh4 Nfe4 14. Bxe7 Qxe7 15. Nxe4 Nxe4 16. Bxe4 dxe4 17. Qxe4 Bb7 18. Qc2 Rfd8 19. O-O Rac8 20. Rad1 f6 21. Nf3 Qf7 22. a3 Qh5 23. e4 cxd4 24. Nxd4 e5 {1-0 Pakleza,Z (2492)-Dzida,K (2333) Titled Tue 28th Mar Late 2023 (1)}) 10... Nf5 $146 ({RR} 10... Bb7 11. Qf3 Bxe5 12. Bxe5 Nd7 13. Bd6 Re8 14. h5 Nc8 15. Bg3 e5 16. dxe5 Nxe5 17. Bxh7+ Kxh7 18. Qf5+ Kg8 19. Bxe5 f6 20. Bf4 Qe7 21. Qg6 Qf7 22. Qxf7+ Kxf7 23. Nf3 Ne7 24. O-O-O Rh8 25. Rh3 {1-0 Prie,E (2518)-Ramaswamy,A (2281) Saint Affrique op 15th 2007 (7)}) ({RR} 10... c4 11. Bc2 Nf5 12. Bf4 Bb7 13. g4 Ne7 14. Qf3 Bxe5 15. Bxe5 Nd7 16. Bg3 e5 17. dxe5 Nc5 18. Qe2 d4 19. exd4 Nd3+ 20. Bxd3 cxd3 21. Qf1 Bxh1 22. Qxh1 b5 23. Qe4 Rc8 24. Kf1 Qd5 25. Kg2 {1-0 Paehtz,E (2468)-Goryachkina,A (2491) EU-ch ACP (Women) Blitz 2018 (8)}) 11. Bf4 Bc7 12. g4 Nd6 13. h5 Nfe4 14. Qc2 f5 15. gxf5 exf5 16. f3 c4 17. Bxc4 dxc4 18. fxe4 fxe4 19. Nxe4 Bf5 0-1

[Event "45th Olympiad 2024"]
[Site "Budapest HUN"]
[Date "2024.09.13"]
[Round "3.90"]
[Board "1"]
[White "Senglek, Khonsavanh"]
[Black "Prudente, Elmer"]
[Result "0-1"]
[WhiteElo "1591"]
[BlackElo "1949"]
[PlyCount "154"]
[EventDate "2024.09.11"]
[WhiteTeam "Laos"]
[BlackTeam "Guam"]
[WhiteTeamCountry "LAO"]
[BlackTeamCountry "GMA"]

1. e4 c5 2. a3 Nc6 3. Nf3 g6 4. Bc4 Bg7 5. Nc3 ({RR} 5. O-O e6 6. Nc3 Nge7 7. d3 d5 8. Ba2 O-O 9. Rb1 b6 10. Re1 h6 11. h3 Kh7 12. exd5 exd5 13. Ne2 a5 14. Be3 Nf5 15. Nf4 Nxe3 16. Rxe3 d4 17. Re1 Qd6 18. Qc1 Bb7 19. Ne2 Ne5 {0-1 Armanda,I (2365)-Shariyazdanov,A (2580) Solin 11th Solin/Spilt 2003 (3)}) ({RR} 5. c3 e6 6. Qe2 Nge7 7. e5 d5 8. exd6 Qxd6 9. O-O O-O 10. Ra2 e5 11. b4 cxb4 12. axb4 Bg4 13. h3 Bxf3 14. Qxf3 Kh8 15. b5 Nd8 16. Ba3 Qd7 17. Bc5 f5 18. Rxa7 Rxa7 19. Bxa7 e4 {1-0 Karwowski,K (2155)-Zaichenko,D (2104) Titled Tue 16th Apr Early 2024 (8)}) 5... Nf6 6. d3 d6 7. Qe2 $146 ({RR} 7. Ba2 O-O 8. h3 Rb8 9. O-O b5 10. Nd5 e6 11. Ne3 h6 12. Nh2 e5 13. Nd5 Nxd5 14. Bxd5 Ne7 15. Ba2 d5 16. Be3 d4 17. Bd2 Kh7 18. f4 f5 19. fxe5 fxe4 20. dxe4 Nc6 21. Qe2 c4 {0-1 Muath,M-Kulpruethanon,T (2111) Incheon op 4th 2013 (2)}) 7... O-O 8. h4 Bg4 9. Be3 e6 10. Qd2 d5 11. Bxc5 dxc4 12. Bxf8 Bxf8 13. Nh2 cxd3 14. f3 h5 15. fxg4 hxg4 16. Qxd3 Qb6 17. O-O-O Rc8 18. Rdf1 Be7 19. Re1 Ne5 20. Qb5 Qc7 21. Qb3 Nc4 22. e5 Nxe5 23. Nf1 Nc4 24. Kb1 Nxa3+ 25. bxa3 Qxc3 26. Qxc3 Rxc3 27. Re3 Rxe3 28. Nxe3 Bxa3 29. Rd1 Bc5 30. Rd8+ Kg7 31. Nc4 b6 32. Ra8 a5 33. Rb8 Nd5 34. Rb7 Kf6 35. Nd2 Be3 36. Nf1 Bf2 37. Kc1 g3 38. Kd2 Nf4 39. Ne3 Bxe3+ 40. Kxe3 Nxg2+ 41. Kf3 Nxh4+ 42. Kxg3 Nf5+ 43. Kf2 Nd4 44. c4 Nc6 45. Rxb6 Ne5 46. Rb5 Nxc4 47. Rc5 Nb6 48. Rxa5 Nd5 49. Kf3 Kf5 50. Kg3 g5 51. Rc5 f6 52. Ra5 Kg6 53. Ra6 e5 54. Kg4 Ne3+ 55. Kf3 Nf5 56. Kg4 Nh6+ 57. Kg3 Kf5 58. Rb6 Nf7 59. Ra6 e4 60. Rb6 Ne5 61. Ra6 e3 62. Ra3 Ke4 63. Ra4+ Kd3 64. Ra3+ Kd4 65. Ra4+ Nc4 66. Kf3 Kd3 67. Ra8 Ne5+ 68. Kg2 g4 69. Rb8 f5 70. Rb3+ Kd4 71. Kf1 f4 72. Rb8 f3 73. Rd8+ Ke4 74. Re8 Kf4 75. Rd8 e2+ 76. Kf2 g3+ 77. Ke1 Ke3 0-1

[Event "45th Olympiad 2024"]
[Site "Budapest HUN"]
[Date "2024.09.13"]
[Round "3.91"]
[Board "3"]
[White "Amewounou, Komlan Kouessan"]
[Black "Abdou, Mohamed"]
[Result "1-0"]
[WhiteElo "1825"]
[BlackElo "1782"]
[PlyCount "141"]
[EventDate "2024.09.11"]
[WhiteTeam "Togo"]
[BlackTeam "Comoros Islands"]
[WhiteTeamCountry "TOG"]

1. e4 c6 2. Nc3 d5 3. Nf3 dxe4 4. Nxe4 Nf6 5. Qe2 Nxe4 6. Qxe4 Nd7 7. Bc4 Nf6 8. Qe2 Bf5 ({RR} 8... e6 9. O-O Bd6 10. d4 Qc7 11. Bg5 Nd5 12. Rad1 h6 13. Bc1 b6 14. Bd3 Bb7 15. c4 Nf6 16. a3 O-O 17. h3 c5 18. dxc5 bxc5 19. b3 e5 20. Bc2 e4 21. Nh4 Rad8 22. Nf5 Bh2+ 23. Kh1 {½-½ Wang,H (2756)-Shimanov,A (2587) Wch Blitz Moscow 2019 (14)}) 9. d4 e6 10. h3 h6 $146 ({RR} 10... Be7 11. c3 h6 12. Bf4 Bd6 13. Ne5 O-O 14. g4 Bh7 15. g5 Nd5 16. Bxd5 hxg5 17. Be4 Bxe4 18. Qxe4 gxf4 19. Rg1 Qc7 20. Ng4 Kh8 21. Qe2 f5 22. Nh2 Rf6 23. Nf3 Re8 24. O-O-O c5 25. dxc5 {1-0 Al Najar,H (1719)-Turunen,T (1665) FIN-ch (Women) 2018 (2)}) ({RR} 10... Be7 11. O-O Bg6 12. c3 Nd7 13. Ne5 Nxe5 14. Qxe5 O-O 15. Bf4 Rc8 16. Rad1 Re8 17. Rfe1 Qb6 18. Qe2 Rcd8 19. Rd2 Qa5 20. b4 Qb6 21. Qg4 Ra8 22. Qg3 Qd8 23. Bc7 Bh4 24. Qh2 Qd7 25. Rde2 {½-½ Roy Chowdhury,S (2233)-Ghosh,D (2568) 1st SOA Int Open 2024 (2.1)}) ({RR} 10... Be7 11. Bg5 h6 12. Bh4 Qb6 13. O-O-O a5 14. Ne5 Rd8 15. g4 Rxd4 16. gxf5 Rxh4 17. fxe6 fxe6 18. Bxe6 Re4 19. Qxe4 Nxe4 20. Bf7+ Kf8 21. Nd7+ Kxf7 22. Nxb6 Bg5+ 23. Kb1 Nd2+ 24. Ka1 Rd8 25. a3 {1-0 Holzinger,R-Huth,A (2072) Verbandsliga Nord Baden 0506 2005 (3.7)}) 11. c3 Bd6 12. g4 Bg6 13. Ne5 Bxe5 14. Qxe5 O-O 15. g5 Nd7 16. Qg3 h5 17. f4 Nb6 18. Bd3 Nd5 19. Bd2 Ne7 20. Bxg6 fxg6 21. O-O-O Nf5 22. Qd3 Qd5 23. Kb1 b5 24. Rhe1 Kh7 25. Re5 Qd6 26. Rde1 Rfe8 27. Qf3 Kg8 28. R1e2 a5 29. Be1 Rab8 30. Qe4 Kf7 31. Bf2 a4 32. Rd2 Qd7 33. Qc2 Nd6 34. Rde2 Nc4 35. Rc5 Rbc8 36. a3 Qc7 37. Qe4 Qd6 38. Qf3 Kg8 39. h4 Kf7 40. Bg3 Qd7 41. Qd3 Rcd8 42. Rf2 Qd6 43. f5 Qxc5 44. fxe6+ Kg8 45. Qxg6 Nd2+ 46. Kc2 Qd5 47. Qf7+ Kh8 48. Qxh5+ Kg8 49. Qf7+ Kh8 50. Be5 Qe4+ 51. Kd1 Qh7 52. e7 Ne4 53. Rf4 Nxc3+ 54. bxc3 Qd3+ 55. Ke1 Qxc3+ 56. Kf1 Qd3+ 57. Kg2 Qe2+ 58. Kg3 Qe1+ 59. Kh2 Qd2+ 60. Rf2 Rxe7 61. Qh5+ Kg8 62. Rxd2 Rxe5 63. Rf2 Rxd4 64. Qf7+ Kh7 65. g6+ Kh6 66. Qg8 Rxh4+ 67. Kg3 Rhe4 68. Rh2+ Kg5 69. Rg2 Kxg6 70. Kf3+ Kf5 71. Qf7# 1-0

[Event "45th Olympiad 2024"]
[Site "Budapest HUN"]
[Date "2024.09.13"]
[Round "3.92"]
[Board "1"]
[White "Kim, Sanker"]
[Black "AH KYE, Benitot"]
[Result "0-1"]
[WhiteElo "1564"]
[BlackElo "1815"]
[PlyCount "60"]
[EventDate "2024.09.11"]
[WhiteTeam "Cambodia"]
[BlackTeam "Mauritius"]
[WhiteTeamCountry "CMB"]
[BlackTeamCountry "MRI"]

1. d4 Nf6 2. c4 e6 3. Nf3 d5 4. Nc3 Bb4 5. g3 O-O 6. Bg2 dxc4 7. O-O Nc6 8. Bg5 Be7 ({RR} 8... Rb8 9. a3 Bxc3 10. bxc3 h6 11. Bh4 Re8 12. e4 e5 13. d5 Na5 14. Bxf6 Qxf6 15. Qa4 Bg4 16. Nxe5 Qxe5 17. Qxa5 b6 18. Qb4 Be2 19. f4 Qf6 20. e5 Qf5 21. Rf2 Bd3 22. Qa4 a5 23. h3 {½-½ Wang,Y (2716)-Vitiugov,N (2722) CHN-RUS Summit Men 7th 2010 (3)}) 9. e3 ({RR} 9. Bxf6 Bxf6 10. e3 Bd7 11. Qe2 Na5 12. Nd2 c5 13. dxc5 Qc7 14. Nde4 Bxc3 15. bxc3 Bc6 16. Qh5 Bxe4 17. Bxe4 f5 18. Bg2 Qxc5 19. e4 Rad8 20. exf5 exf5 21. Rad1 g6 22. Qg5 Rd3 23. Be4 Rxd1 {1-0 Ivanov,M (2252)-Zlatkov,A (2301) Serbia Open 2024 (7.27)}) 9... h6 $146 ({RR} 9... Nd5 10. Bxe7 Qxe7 11. Nd2 Nb6 12. Qe2 Na5 13. Qh5 f5 14. e4 Nc6 15. Nf3 e5 16. dxe5 Nxe5 17. Nxe5 Qxe5 18. Rfe1 c6 19. f4 Qf6 20. Rad1 Be6 21. Rd6 Rad8 22. Red1 g6 23. Qe2 Qe7 24. e5 {½-½ Ubilava,E (2515)-Agzamov,G (2545) URS-ch sf Sevastopol 1986}) ({RR} 9... Nd5 10. Bxe7 Qxe7 11. Nd2 Nb6 12. Qe2 Na5 13. b3 cxb3 14. axb3 Nc6 15. Bxc6 bxc6 16. Ra5 Nd7 17. Rfa1 a6 18. Qc4 Bb7 19. f4 c5 20. dxc5 Nb8 21. Rd1 Rd8 22. Raa1 Bd5 23. Nxd5 exd5 24. Qc3 {½-½ Moiseenko,A (2405)-Shariyazdanov,A (2530) Wch U26 (Men) 1998 (3)}) 10. Bf4 Nd5 11. e4 Nxf4 12. gxf4 f6 13. Ne2 Rb8 14. Rc1 Na5 15. Nd2 b5 16. a4 a6 17. Re1 c6 18. axb5 cxb5 19. Nb1 Qb6 20. Na3 Rd8 21. Qc2 Nb3 22. Rcd1 Nxd4 23. Nxd4 Rxd4 24. e5 f5 25. Qc1 Bb7 26. Qe3 Bc5 27. Qg3 Bxg2 28. Qxg2 Rxf4 29. h3 Rxf2 30. Qg6 Qc6 0-1

[Event "45th Olympiad 2024"]
[Site "Budapest HUN"]
[Date "2024.09.13"]
[Round "3.92"]
[Board "2"]
[White "Chinasamy, Devarajen"]
[Black "El, Rozak"]
[Result "1-0"]
[WhiteElo "1975"]
[BlackElo "1514"]
[PlyCount "91"]
[EventDate "2024.09.11"]
[WhiteTeam "Mauritius"]
[BlackTeam "Cambodia"]
[WhiteTeamCountry "MRI"]
[BlackTeamCountry "CMB"]

1. d4 Nf6 2. Nc3 d5 3. Bf4 c6 4. e3 Bf5 5. Nf3 e6 6. a3 Nbd7 7. Ne5 ({RR} 7. Be2 h6 8. h4 a5 9. Nd2 b5 10. g4 Bg6 11. Rg1 Nb6 12. Bd3 Nfd7 13. Bxg6 fxg6 14. g5 h5 15. Nf3 b4 16. Ne2 Nc4 17. Qd3 Kf7 18. b3 Nb2 19. Qd2 bxa3 20. c3 Qb6 21. Qc2 Qb5 {1-0 Salvador,R (2416)-Tatai,S (2370) Bratto op 25th 2005 (8)}) 7... Be7 ({RR} 7... Nxe5 8. Bxe5 Bd6 9. Bxd6 Qxd6 10. Bd3 Bxd3 11. Qxd3 O-O 12. f4 c5 13. O-O Rac8 14. Ne2 Ne4 15. dxc5 Qxc5 16. c3 Nd6 17. Nd4 Qb6 18. Rf2 Nc4 19. Qe2 Rfe8 20. e4 Red8 21. e5 a6 22. Raf1 {1-0 Brencher,P (1851)-Pitel,B (1600) 31st 4NCL Congress 2024 (4.22)}) 8. g4 $146 ({RR} 8. Nxd7 Qxd7 9. Bd3 Bg6 10. h3 Bd6 11. Bxg6 fxg6 12. Bxd6 Qxd6 13. Qd3 O-O 14. O-O e5 15. dxe5 Qxe5 16. Qd4 Qf5 17. Rac1 a6 18. f3 Rae8 19. g4 Qe6 20. Rce1 h5 21. Kg2 Qd6 22. g5 Nd7 {1-0 Korenevski,O (1915)-El Gheiadi,I (2085) Wch Seniors 65 24th 2014 (4)}) ({RR} 8. Bd3 Bxd3 9. Qxd3 O-O 10. O-O Nxe5 11. Bxe5 Nd7 12. Bg3 a6 13. e4 dxe4 14. Nxe4 Nf6 15. Rfe1 Nxe4 16. Qxe4 Qd5 17. c3 Qxe4 18. Rxe4 Rfd8 19. f4 Bf6 20. Bf2 Rd7 21. Rae1 g6 22. Kf1 Rad8 {½-½ Roesch,O (1935)-Riedl,M (1875) Oberpfalz-ch M1 2006 (7.17)}) 8... Bg6 9. h4 h5 10. Nxg6 fxg6 11. g5 Nh7 12. Bd3 Nhf8 13. Qf3 Qb6 14. Qg3 Qxb2 15. Kd2 e5 16. Rhb1 exf4 17. Qxf4 Qxa1 18. Rxa1 Rc8 19. Ne2 a6 20. Qg3 b5 21. Nf4 Bd6 22. Qh3 Ke7 23. a4 Bxf4 24. exf4 Kd6 25. f5 gxf5 26. axb5 axb5 27. Qg3+ Ke7 28. Bxf5 g6 29. Bh3 c5 30. Ra7 Rh7 31. Qe5+ Kd8 32. Qxd5 cxd4 33. Qxb5 Rf7 34. f4 Rc5 35. Ra8+ Ke7 36. Qe2+ Kd6 37. Qe4 Rc4 38. Bg2 Rf5 39. Bf1 Rc6 40. Re8 Kc7 41. Bd3 Rd6 42. Qa8 Rdd5 43. Qa7+ Kd6 44. Qa6+ Kc5 45. Rc8+ Kb4 46. Rc4# 1-0

[Event "45th Olympiad 2024"]
[Site "Budapest HUN"]
[Date "2024.09.13"]
[Round "3.114"]
[White "Prasad, Rudr"]
[Black "Roberts, Gennard"]
[Result "1-0"]
[WhiteElo "1777"]
[BlackElo "1582"]
[PlyCount "83"]
[EventDate "2024.09.11"]
[WhiteTeam "Fiji"]
[BlackTeam "Grenada"]
[WhiteTeamCountry "FIJ"]
[BlackTeamCountry "GRA"]

1. d4 Nf6 2. c4 c5 3. d5 b5 4. cxb5 a6 5. Nc3 axb5 6. e4 d6 7. Bxb5+ Bd7 8. Bxd7+ Nbxd7 9. Nf3 g6 10. O-O Bg7 11. Re1 O-O $146 ({RR} 11... Qb8 12. Qe2 O-O 13. Nd2 Ne8 14. Nc4 Nc7 15. f4 Nb5 16. e5 Nd4 17. Qe4 Qb4 18. Qd3 Nc2 19. Qxc2 Qxc4 20. Re4 Qa6 21. Ra4 Qb7 22. Rxa8 Rxa8 23. exd6 Bxc3 24. bxc3 exd6 25. c4 Qa6 26. Bb2 {½-½ Strathoff,M (2079)-Fox,D (1726) NRW-ch U16 Wolfsburg 2004 (6)}) ({RR} 11... Ng4 12. h3 Nge5 13. Bg5 Rb8 14. Nxe5 Nxe5 15. f4 Nc4 16. Qa4+ Qd7 17. Qxc4 O-O 18. Re2 Qa7 19. Kh2 Rb4 20. Qd3 Rfb8 21. e5 h6 22. exd6 hxg5 23. Rxe7 Qb6 24. d7 Qd6 25. Rae1 Bf8 26. R7e4 {1-0 Issani,N (1983)-Huang,P (1629) CAN-ch U10 Windsor 2015 (6.92)}) 12. h3 Ne8 13. a4 Nc7 14. Bd2 Qb8 15. Qc2 Qb7 16. Ra3 Rfb8 17. Rb1 Na6 18. Nb5 Nb4 19. Qb3 Na6 20. Bc3 Nc7 21. Bxg7 Kxg7 22. Qc3+ Kg8 23. Nxc7 Qxc7 24. Nd4 Rb7 25. Nc6 Nb8 26. Nxb8 Qxb8 27. a5 Rb4 28. e5 Qb5 29. exd6 exd6 30. Qf6 Qb8 31. Re1 Rxb2 32. Re7 Rb1+ 33. Kh2 Qf8 34. Rf3 Qg7 35. Qxd6 Qa1 36. Rfxf7 Rh1+ 37. Kg3 Qc3+ 38. f3 Re1 39. Rxh7 Rxe7 40. Rxe7 Kh8 41. Qf4 g5 42. Qf7 1-0

[Event "45th Olympiad 2024"]
[Site "Budapest HUN"]
[Date "2024.09.14"]
[Round "4.1"]
[Board "1"]
[White "Caruana, Fabiano"]
[Black "Volokitin, Andrei"]
[Result "1-0"]
[WhiteElo "2798"]
[BlackElo "2660"]
[PlyCount "85"]
[EventDate "2024.09.11"]
[WhiteTeam "United States of America"]
[BlackTeam "Ukraine"]
[BlackTeamCountry "UKR"]

1. e4 c5 2. Nf3 d6 3. d4 cxd4 4. Nxd4 Nf6 5. Nc3 a6 6. Bd3 g6 7. f3 Qb6 8. Nb3 Nbd7 9. Qe2 Bg7 10. Be3 Qc7 11. g4 $146 ({RR} 11. O-O-O b5 12. Kb1 Nb6 13. Qf2 Na4 14. Nxa4 bxa4 15. Bb6 Qb8 16. Na5 O-O 17. Nc6 Qb7 18. Na5 Qb8 19. Nc6 Qb7 20. Na5 Qd7 21. e5 Nd5 22. Be4 e6 23. c4 Nxb6 24. Qxb6 d5 25. cxd5 exd5 {0-1 Brzezina,P (2346)-Volokitin,A (2674) 100th Ann. Silesian Chess 2024 (8.16)}) 11... b5 12. g5 Nh5 13. Nd5 Qd8 14. O-O-O Bb7 15. Qe1 e6 16. Nf4 Nxf4 17. Bxf4 Ne5 18. Be2 Rc8 19. Qb4 d5 20. c3 Qe7 21. Qxe7+ Kxe7 22. exd5 Bxd5 23. Be3 Bxf3 24. Bxf3 Nxf3 25. Nc5 Rhd8 26. Nxa6 Rxd1+ 27. Rxd1 Nxh2 28. Bc5+ Ke8 29. Bd6 Nf3 30. Nc7+ Rxc7 31. Bxc7 Nxg5 32. Rd8+ Ke7 33. Rb8 Ne4 34. Rxb5 Kd7 35. Bh2 Kc6 36. Rb8 f5 37. a4 e5 38. a5 Nc5 39. b4 Nd7 40. b5+ Kc7 41. Re8 f4 42. a6 f3 43. Bg1 1-0

[Event "45th Olympiad 2024"]
[Site "Budapest HUN"]
[Date "2024.09.14"]
[Round "4.1"]
[Board "2"]
[White "Ivanchuk, Vasyl"]
[Black "So, Wesley"]
[Result "1-0"]
[WhiteElo "2635"]
[BlackElo "2752"]
[PlyCount "95"]
[EventDate "2024.09.11"]
[WhiteTeam "Ukraine"]
[BlackTeam "United States of America"]
[WhiteTeamCountry "UKR"]

1. d4 Nf6 2. c4 e6 3. Nc3 Bb4 4. Qc2 O-O 5. a3 Bxc3+ 6. Qxc3 d5 7. Nf3 dxc4 8. Qxc4 b6 9. Bg5 Ba6 10. Qa4 Qd7 11. Qc2 c5 12. dxc5 ({RR} 12. Bxf6 gxf6 13. Rd1 Qe7 14. g3 Bb7 15. Bg2 Rd8 16. O-O Nd7 17. Ng5 fxg5 18. Bxb7 Rab8 19. Bg2 cxd4 20. Rxd4 Ne5 21. Rfd1 Rxd4 22. Rxd4 Rd8 23. Qd2 Rxd4 24. Qxd4 Qc7 25. h3 h6 26. f4 gxf4 {½-½ Mamedyarov,S (2808)-Caruana,F (2816) Paris GCT rapid 2018 (6)}) 12... Rc8 ({RR} 12... bxc5 13. Rd1 Qc7 14. Bxf6 gxf6 15. g3 Qa5+ 16. Qd2 Nc6 17. Qxa5 Nxa5 18. Rc1 Rfd8 19. e3 Bb7 20. Bg2 c4 21. Nh4 Rab8 22. Rc2 Ba6 23. Nf3 c3 24. b4 Nb3 25. Nd4 Nxd4 26. exd4 Rbc8 27. Kd1 {0-1 Postnikov,A (2207)-Gogolev,A (2253) 77th ch-RUS HL 2024 (6.21)}) 13. Rd1 ({RR} 13. Bxf6 gxf6 14. Rd1 Qe7 15. Qe4 Qxc5 16. e3 Bxf1 17. Kxf1 Nc6 18. g3 Ne5 19. Kg2 Qc6 20. Qxc6 Rxc6 21. Nxe5 fxe5 22. Rd2 Rac8 23. Rhd1 Rc2 24. Kf3 Kg7 25. e4 a5 26. Ke3 R2c5 27. Rb1 a4 {½-½ So,W (2770)-Nakamura,H (2787) Bilbao Masters 9th 2016 (2)}) 13... Qe7 14. Qa4 $146 ({RR} 14. e4 Bxf1 15. Rxf1 h6 16. Bh4 Rxc5 17. Qe2 e5 18. Bxf6 Qxf6 19. Qd3 Qc6 20. Ng1 Rc1 21. Ne2 Rxd1+ 22. Kxd1 Na6 23. Qxa6 Rd8+ 24. Ke1 Qc2 25. f3 Rd1+ 26. Kf2 Qc5+ 27. Nd4 Rxd4 28. Kg3 Rd2 {½-½ Mamedyarov,S (2753)-Kramnik,V (2803) Geneve Masters GpA rapid 2013 (1.1)}) ({RR} 14. Qd2 bxc5 15. g3 Nc6 16. Bg2 Rd8 17. Qc1 Rxd1+ 18. Qxd1 h6 19. Be3 Rb8 20. Qc2 c4 21. O-O Nd5 22. Bc1 Qb7 23. Rd1 Qb3 24. Qd2 Rd8 25. Nd4 Nxd4 26. Qxd4 Re8 27. e4 Nf6 28. Bf1 Qb7 {0-1 Berkun,D (2118)-Zakrzewski,M (2295) Titled Arena Apr 3rd blitz 2021}) 14... bxc5 15. h4 c4 16. Rh3 h6 17. Qc2 Nbd7 18. Nd4 Bb7 19. Bd2 a5 20. f3 Qc5 21. Be3 c3 22. Qxc3 Qxc3+ 23. bxc3 Rxc3 24. Bc1 Ba6 25. e4 Bxf1 26. Kxf1 Rac8 27. Bb2 R3c5 28. g4 Nb6 29. Rh2 Nc4 30. Ke1 Nxb2 31. Rxb2 Rc3 32. a4 Ra3 33. Rb6 Rd8 34. Rb5 g6 35. Nb3 Rc8 36. Ke2 Rc4 37. Rd8+ Kg7 38. g5 Nxe4 39. gxh6+ Kxh6 40. fxe4 Rxe4+ 41. Kf2 Rexa4 42. Nd4 Ra2+ 43. Kg3 R4a3+ 44. Nf3 Re2 45. Rb7 Re5 46. Rxf7 g5 47. h5 Kxh5 48. Rf6 1-0

[Event "45th Olympiad 2024"]
[Site "Budapest HUN"]
[Date "2024.09.14"]
[Round "4.1"]
[Board "3"]
[White "Dominguez Perez, Leinier"]
[Black "Ponomariov, Ruslan"]
[Result "1/2-1/2"]
[WhiteElo "2748"]
[BlackElo "2654"]
[PlyCount "60"]
[EventDate "2024.09.11"]
[WhiteTeam "United States of America"]
[BlackTeam "Ukraine"]
[BlackTeamCountry "UKR"]

1. e4 e5 2. Nf3 Nc6 3. Bc4 Bc5 4. c3 Nf6 5. d3 d6 6. O-O a5 7. Re1 Ba7 8. h3 O-O 9. Bb5 Bd7 10. Ba4 Ne7 11. Bc2 Ng6 12. d4 Re8 13. Nbd2 Bc6 $146 ({RR} 13... a4 14. Nf1 a3 15. b4 d5 16. Nxe5 Nxe5 17. dxe5 Nxe4 18. Bxe4 dxe4 19. Rxe4 Bc6 20. Qxd8 Rexd8 21. Re1 Rd3 22. c4 Bd4 23. Rb1 b5 24. Ne3 Bc3 25. Rd1 Rxd1+ 26. Nxd1 Bxe5 27. cxb5 Bd5 28. Be3 {0-1 Tanenbaum,Z (2285)-Vaibhav,S (2588) AI Cup Play-In 2023 (6)}) 14. a4 h6 15. Bd3 Nf4 16. Bf1 g5 17. g3 Ng6 18. Qc2 d5 19. exd5 Bxd5 20. Nxe5 Nxe5 21. dxe5 Nd7 22. Qf5 Be6 23. Qf3 c6 24. Qh5 Kg7 25. Nf3 f6 26. Be3 Bf7 27. Qg4 Be6 28. Qh5 Bf7 29. Qg4 Be6 30. Qh5 Bf7 1/2-1/2

[Event "45th Olympiad 2024"]
[Site "Budapest HUN"]
[Date "2024.09.14"]
[Round "4.1"]
[Board "4"]
[White "Korobov, Anton"]
[Black "Robson, Ray"]
[Result "1-0"]
[WhiteElo "2650"]
[BlackElo "2700"]
[PlyCount "113"]
[EventDate "2024.09.11"]
[WhiteTeam "Ukraine"]
[BlackTeam "United States of America"]
[WhiteTeamCountry "UKR"]

1. e4 e5 2. Nf3 Nc6 3. Bc4 Nf6 4. d3 Bc5 5. O-O d6 6. c3 h6 7. b4 Bb6 8. a4 a5 9. b5 Ne7 10. Be3 ({RR} 10. Nbd2 O-O 11. Re1 Ng6 12. Bb3 Re8 13. Nc4 Bc5 14. h3 c6 15. Bd2 Be6 16. bxc6 bxc6 17. d4 Ba7 18. dxe5 dxe5 19. Ba2 Qc7 20. Qc2 Red8 21. Be3 Bxe3 22. Nxe3 Bxa2 23. Rxa2 Nd7 24. Nd2 Nc5 {½-½ Nakamura,H (2793)-Xiong,J (2674) USA-ch Saint Louis 2017 (3)}) 10... Bxe3 11. fxe3 Ng6 12. Bb3 $146 ({RR} 12. Qb3 O-O 13. Nbd2 c6 14. d4 d5 15. Bd3 dxe4 16. Nxe4 Nxe4 17. Bxe4 Be6 18. c4 f5 19. Bb1 e4 20. Nd2 c5 21. Qc3 b6 22. dxc5 bxc5 23. Nxe4 fxe4 24. Bxe4 Qg5 25. Bxa8 Rxa8 26. Qd3 Re8 {0-1 Durarbayli,V (2628)-Nakamura,H (2802) CrunchLab Masters Div 2 L 2024 (3.2)}) ({RR} 12. Nbd2 O-O 13. Qe1 d5 14. exd5 Nxd5 15. d4 Nxc3 16. dxe5 Nd5 17. Nb3 Nb6 18. Be2 Qe7 19. Nxa5 Nxe5 20. Nxe5 Qxe5 21. Nc4 Qc5 22. Nxb6 Qxb6 23. Qc3 Re8 24. Bc4 Be6 25. a5 Qd6 26. Bxe6 Rxe6 {1-0 Iodo,A (2176)-Sulikiene,K (2028) EU-ch (Women) 6th 2005 (3)}) 12... c6 13. c4 d5 14. exd5 cxd5 15. c5 Qe7 16. d4 Ng4 17. Nc3 Be6 18. Qe1 e4 19. Nd2 Qc7 20. Qg3 Qxg3 21. hxg3 Ne7 22. Rae1 h5 23. Bd1 Nf6 24. b6 Nf5 25. Kf2 Bd7 26. Rh1 Rh6 27. Rh2 Bc6 28. Reh1 Ke7 29. Bxh5 Rxh5 30. Rxh5 Ng4+ 31. Ke1 Ngxe3 32. Nb3 Kf6 33. Rh8 Nc2+ 34. Kd2 Ncxd4 35. Rxa8 Nxb3+ 36. Kc2 Nxc5 37. Rf1 Ke5 38. Rxf5+ Kxf5 39. Rxa5 Nd3 40. Nxd5 Kg4 41. Kd2 g6 42. Ke3 f5 43. Ne7 Bd7 44. Nxg6 Kxg3 45. Ne7 Kg4 46. Ra8 Be6 47. a5 Nc5 48. Ng6 Kg5 49. Nf4 Bd7 50. Rd8 Bc6 51. Rd6 Be8 52. Ne6+ Nxe6 53. Rxe6 Bb5 54. g3 Ba6 55. Re8 Kg4 56. Rg8+ Kh3 57. Rg5 1-0

[Event "45th Olympiad 2024"]
[Site "Budapest HUN"]
[Date "2024.09.14"]
[Round "4.2"]
[Board "1"]
[White "Rapport, Richard"]
[Black "Vocaturo, Daniele"]
[Result "1-0"]
[WhiteElo "2715"]
[BlackElo "2600"]
[PlyCount "99"]
[EventDate "2024.09.11"]
[WhiteTeam "Hungary"]
[BlackTeam "Italy"]
[WhiteTeamCountry "HUN"]
[BlackTeamCountry "ITA"]

1. e4 e5 2. Nf3 Nc6 3. Bc4 Bc5 4. h3 Nf6 5. d3 a6 6. c3 Ba7 7. Bb3 d6 8. Nbd2 Qe7 ({RR} 8... h6 9. Nf1 Be6 10. N3h2 Qd7 11. Qf3 Bxb3 12. axb3 O-O-O 13. Ng3 d5 14. O-O dxe4 15. dxe4 Qd3 16. b4 Qxf3 17. Nxf3 Rd3 18. b5 axb5 19. Nxe5 Nxe5 20. Rxa7 Kb8 21. Ra2 Rhd8 22. Bf4 Nc4 23. b3 {0-1 Morozevich,A (2788)-Kramnik,V (2788) Moscow Tal Memorial Blitz 2008 (29)}) 9. a4 $146 ({RR} 9. Nf1 Be6 10. Ng3 O-O-O 11. O-O h6 12. Qe2 g5 13. Nh2 h5 14. Bxg5 Rdg8 15. Nf3 h4 16. Nf5 Bxf5 17. exf5 Rh5 18. Bxh4 Rxf5 19. d4 Qd7 20. Kh2 exd4 21. cxd4 Nxd4 22. Nxd4 Bxd4 23. Bc2 Rh5 {1-0 Gallagher,J (2501)-Vuilleumier,A (2374) SUI-ch 111th 2011 (3)}) ({RR} 9. Nf1 Bd7 10. Be3 O-O-O 11. Bxa7 Nxa7 12. Ne3 Kb8 13. c4 c6 14. Qd2 Be6 15. Qc3 g6 16. Bc2 Bc8 17. b4 Rhe8 18. Bb3 g5 19. Nxg5 d5 20. cxd5 Nxd5 21. exd5 Qxg5 22. Rc1 f5 23. dxc6 Nxc6 {0-1 Van Foreest,M (2224)-Yip,C (2386) Olympiad Women 2024 (4.5)}) ({RR} 9. Nf1 Be6 10. Ng3 O-O-O 11. Ba4 Nb8 12. O-O h6 13. d4 g5 14. d5 g4 15. Nh2 Bd7 16. Bxd7+ Nbxd7 17. Nxg4 Nxe4 18. Nf5 Qe8 19. Bxh6 Rg8 20. Bg7 Ng3 21. Ngh6 Nxf5 22. Nxf5 f6 23. Qf3 Kb8 {1-0 Liu,E (2291)-Huang,V (2128) Los Angeles Metropolitan op 1st 2011 (6)}) 9... Be6 10. O-O h6 11. Bxe6 Qxe6 12. Re1 O-O 13. Nf1 d5 14. exd5 Qxd5 15. Be3 Rfd8 16. Bxa7 Rxa7 17. Ne3 Qxd3 18. Qb3 Re8 19. Rad1 Qg6 20. Nh4 Qh7 21. Ng4 Nxg4 22. hxg4 g6 23. Rd7 Qg7 24. Nf3 Qf6 25. Rxc7 Re7 26. Qb6 Rxc7 27. Qxc7 b5 28. Qb6 bxa4 29. Rxe5 Rd7 30. Re8+ Kg7 31. Qxa6 Rd1+ 32. Re1 Rxe1+ 33. Nxe1 Qe6 34. Kf1 Qd5 35. Qxa4 Ne5 36. Qd4 Qxd4 37. cxd4 Nxg4 38. Ke2 Kf8 39. Nd3 Ke7 40. Ne5 Nf6 41. Kd3 Ke6 42. b4 Nd5 43. Kc4 g5 44. Nxf7 Nb6+ 45. Kb5 Nc8 46. Nxh6 Kd5 47. Nf5 g4 48. f3 gxf3 49. gxf3 Na7+ 50. Ka6 1-0